logo

Bir Sreshtho Munshi Abdur Rouf Library
Jhenaidah Cadet College

Modern physics / (Record no. 12146)

MARC details
000 -LEADER
fixed length control field 00618nam a2200241 a 4500
001 - CONTROL NUMBER
JCCL Control Number 12146
003 - CONTROL NUMBER IDENTIFIER
JCCL marc code BD-JhCC
005 - DATE AND TIME OF LATEST TRANSACTION
control field 20210321095908.0
008 - FIXED-LENGTH DATA ELEMENTS--GENERAL INFORMATION
fixed length control field 210321s19952015ii a 001 0 eng d
020 ## - INTERNATIONAL STANDARD BOOK NUMBER
International Standard Book Number 9788121940313
035 ## - SYSTEM CONTROL NUMBER
system control number (BD-JhCC)12146
040 ## - CATALOGING SOURCE
Original cataloging agency DLC
Transcribing agency DLC
Modifying agency m/c
-- BD-JhCC
041 ## - LANGUAGE CODE
Language code of Book eng
050 #0 - LIBRARY OF CONGRESS CALL NUMBER
Classification number QC21.2
Item number .K7 1983
082 ## - DEWEY DECIMAL CLASSIFICATION NUMBER
Classification number 539
DDC Edition number 19
Author mark and Year THE 2015
100 1# - MAIN ENTRY--PERSONAL NAME
Personal name Theraja, B. L.
245 10 - TITLE STATEMENT
Title Modern physics /
Statement of responsibility, etc Theraja B. L.
260 ## - PUBLICATION, DISTRIBUTION, ETC. (IMPRINT)
Place of publication, distribution, etc New Delhi :
-- S. Chand,
Date of publication, distribution, etc 2015 [reprint]
300 ## - PHYSICAL DESCRIPTION
Pagination 326 p. :
Other physical details ill. ;
Dimensions 22 cm.
500 ## - GENERAL NOTE
General note Includes index.
650 #0 - SUBJECT ADDED ENTRY--TOPICAL TERM
Topical term or geographic name as entry element Physics.
942 ## - ADDED ENTRY ELEMENTS (KOHA)
Source of classification or shelving scheme Dewey Decimal Classification
Koha item type Books
Holdings
Source of classification or shelving scheme Damaged status Not for loan Home library Current library Shelving location Date of accession Cost, normal purchase price Total Checkouts Full call number Barcode Date last seen Date checked out Copy number Koha item type
Dewey Decimal Classification     JCC Rouf Library JCC Rouf Library General Stacks 03/21/2021 463.00 1 539 THE 2015 16620 05/23/2023 05/02/2023 C-1 Books

JCC Library | Contacts | JCC Home

Last Update on 23 September 2017
Copyright @ 2017-2020 JCC Rouf Library
Rouf Library, Jhenidah Cadet College (JCC), Bangladesh